000
00274nam a2200109Ia 4500
008
220204s9999 xx 000 0 und d
082
_a
658.21
_b
TOW
100
_a
Townroe, Peter
245
0
_a
Planning industrial location
260
_a
London
_b
Leonard Hill
_c
1976
942
_c
BK
999
_c
33109
_d
33109